000 00368nam a2200133Ia 4500
008 220217s9999||||xx |||||||||||||| ||und||
020 _a8121905532
082 _a658.311 AGG
100 _aAggarwal, R.S
245 0 _aModern Approach to Non verbal Reasoning
260 _aS. Chand and company Ltd.
_bNew Delhi
_c2012
300 _a592
_b290
650 _aMANAGEMENT
999 _c182878
_d182878